| 000 | 00000nam##2200000za#4500 |
| 001 | 9.643822 |
| 003 | CaOODSP |
| 005 | 20210624224342 |
| 007 | cr ||||||||||| |
| 008 | 150407|2014||||xxc|||||o f|0| 0 fre|d |
| 020 | |a978-0-660-22675-0 |
| 040 | |aCaOODSP|bfre |
| 043 | |an-cn--- |
| 086 | 1 |aEm4-2/2014F-PDF |
| 110 | 1 |aCanada.|bEmploi et développement social Canada. |bDirection générale de la politique stratégique et de la recherche. |
| 245 | 10|aÉvaluation du Programme de partenariats pour le développement social : |h[ressource électronique]|brapport final |
| 260 | |aOttawa - Ontario : |bEmploi et Développement social Canada. |c23 juin 2014. |
| 300 | |a58p.|btableaux |
| 590 | |a15-04|b2015-01-23 |
| 691 | 07|aProgramme fédéral|2gcpds |
| 691 | 07|aTravailleur migrant|2gcpds |
| 775 | 08|tEvaluation of the Social Development Partnerships Program : |w(CaOODSP)9.699867 |
| 856 | 40|ahttp://publications.gc.ca|qPDF|s744 Ko|uhttps://publications.gc.ca/collections/collection_2015/edsc-esdc/Em4-2-2014-fra.pdf |
| 986 | |aSP-1076-09-14F |